000 01593cad a22002175a 4500
001 L148512
008 090928e20090407xxk f v 000 0 eng d
035 _a(Sirsi) u148512
041 0 _aeng
245 0 0 _aR (on the application of) Welwyn Hatfield Council v Secretary of State for Communities and Local Government and Alan Beesley
_h[electronic resource]
260 _c2009
520 _a[2009] EWHC 966 (Admin) (07 April 2009). The case relates to the fraudulent use of a property. An owner obtained planning permission to build what was described as a barn but which was fitted inside as a dwelling occupation. After four years of living in it, he applied for a lawful use certificate under the Town and Country Planning Act 1990 S91. An inspector decided that this certificate should be granted him. The local authority applied for review of this decision, arguing that this building was not a dwelling. "Held": application granted. The judge quashed the decision of the inspector to grant a Certificate of Lawful Existing Use or Development. Enforcement action can be taken against the dwelling.
590 _aKA
650 2 4 _aR (ON THE APPLICATION OF) WELWYN HATFIELD COUNCIL V SOS FOR COMMUNITIES AND LOCAL GOVERNMENT AND ANOTHER
650 2 4 _aGRENDON V FIRST SECRETARY OF STATE
650 2 4 _aSAGE V SOS ENVIRONMENT AND OTHERS
651 4 _aEngland and Wales
_y1543-
690 _aPROPERTY-RESIDENTIAL PROPERTY-DOMESTIC RESIDENTIAL PROPERTY
856 4 0 _uhttps://www.bailii.org/ew/cases/EWHC/Admin/2009/966.html
_zView the case free of charge at www.bailli.org...
942 _n0
999 _c81870
_d81870